[Event "Kiel Cup U20"]
[Site "Kiel"]
[Date "2012.10.04"]
[Round "1"]
[White "Kramer, Viktorian"]
[Black "Lentz, Florian"]
[Result "0-1"]
[WhiteElo "1504"]
[BlackElo "1673"]
[PlyCount "72"]
[EventDate "2012.10.??"]
[EventType "swiss"]
[EventRounds "7"]
[EventCountry "GER"]
[SourceTitle "EXT 2015"]
[Source "ChessBase"]
[SourceDate "2014.11.20"]
[SourceVersion "1"]
[SourceVersionDate "2014.11.20"]
[SourceQuality "1"]

1. d4 d5 2. c4 e6 3. Nc3 Nf6 4. Bg5 Be7 5. Nf3 b6 6. Qa4+ Qd7 7. Qxd7+ Nbxd7 8. cxd5 Nxd5 9. Nxd5 exd5 10. Bxe7 Kxe7 11. e3 Bb7 12. Bd3 Rac8 13. 0-0 c5 14. b3 c4 15. bxc4 dxc4 16. Be2 b5 17. Rab1 a6 18. a4 Bc6 19. axb5 axb5 20. Rfc1 Rb8 21. Rb4 f6 22. Nh4 g6 23. Bf3 Rhc8 24. d5 Ba8 25. d6+ Kxd6 26. Bxa8 Rxa8 27. Rxb5 c3 28. h3 Ra2 29. Nf3 Ne5 30. Ne1 Rd2 31. f4 Nd3 32. Nxd3 Rxd3 33. Kf2 Rd2+ 34. Ke1 Rxg2 35. Kd1 Ke6 36. Rb3 Rd8+ 0-1

[Event "Schleswig Holstein-ch U16 Vormeister"]
[Site "Neumuenster"]
[Date "2011.04.25"]
[Round "1.8"]
[White "Hansen, Merlin"]
[Black "Lentz, Florian"]
[Result "0-1"]
[WhiteElo "889"]
[BlackElo "1369"]
[PlyCount "74"]
[EventDate "2011.04.25"]
[EventType "swiss"]
[EventRounds "9"]
[EventCountry "GER"]
[SourceTitle "EXT 2022"]
[Source "ChessBase"]
[SourceDate "2021.10.06"]
[SourceVersion "1"]
[SourceVersionDate "2021.10.06"]
[SourceQuality "1"]

1. e4 e5 2. Nf3 Nc6 3. Bb5 Bc5 4. 0-0 d6 5. d4 exd4 6. Nxd4 Bd7 7. Be3 Nxd4 8. Bxd7+ Qxd7 9. Bxd4 Bxd4 10. Qxd4 f6 11. Na3 Ne7 12. Rad1 Nc6 13. Qd5 0-0-0 14. c3 Rde8 15. Rfe1 Re5 16. Qd2 Rhe8 17. Qd3 Qg4 18. f3 Qg6 19. Rd2 h5 20. Nc4 R5e7 21. Qd5 f5 22. Rde2 Qf6 23. a4 g5 24. Kf1 fxe4 25. Rxe4 Rxe4 26. Rxe4 Rxe4 27. Qxe4 Qf7 28. Kf2 d5 29. Ne5 Qe6 30. Qh7 Qxe5 31. Qxh5 Na5 32. h4 Nc4 33. hxg5 Nxb2 34. Qh6 Nd3+ 35. Kg1 Nf4 36. g3 Qe1+ 37. Kh2 Qf2+ 0-1

[Event "Schleswig Holstein-ch U16 Vormeister"]
[Site "Neumuenster"]
[Date "2010.04.06"]
[Round "3"]
[White "Funk, Moritz"]
[Black "Lentz, Florian"]
[Result "1/2-1/2"]
[WhiteElo "1561"]
[BlackElo "1240"]
[PlyCount "67"]
[EventDate "2010.04.05"]
[EventType "swiss"]
[EventRounds "9"]
[EventCountry "GER"]
[SourceTitle "EXT 2023"]
[Source "ChessBase"]
[SourceDate "2022.10.05"]
[SourceVersion "1"]
[SourceVersionDate "2022.10.05"]
[SourceQuality "1"]

1. e4 d5 2. exd5 Qxd5 3. Nc3 Qa5 4. Bc4 c6 5. d4 Bf5 6. Bd2 Qc7 7. Nf3 Nf6 8. 0-0 e6 9. Re1 Nbd7 10. Bb3 Bg4 11. d5 cxd5 12. Bxd5 Bd6 13. Nb5 Qb6 14. Nc3 0-0 15. Bb3 Ne5 16. Be3 Qd8 17. Bg5 Nxf3+ 18. gxf3 Bh3 19. Bxf6 gxf6 20. Ne4 Kh8 21. Kh1 Be5 22. Qxd8 Raxd8 23. c3 Rg8 24. Rg1 h6 25. Rxg8+ Rxg8 26. Rg1 f5 27. Rxg8+ Kxg8 28. Nc5 b6 29. Nd7 Bc7 30. Nf6+ Kf8 31. Nh5 Ke7 32. Ng3 Kf6 33. Ne2 Kg5 34. Nd4 1/2-1/2

[Event "Kiel Cup U18"]
[Site "Kiel"]
[Date "2008.10.16"]
[Round "2.9"]
[White "Lentz, Florian"]
[Black "May, Julian"]
[Result "0-1"]
[WhiteElo "1034"]
[BlackElo "1617"]
[PlyCount "60"]
[EventDate "2008.10.16"]
[EventType "team-swiss"]
[EventRounds "7"]
[EventCountry "GER"]
[SourceTitle "EXT 2011"]
[Source "ChessBase"]
[SourceDate "2010.11.26"]
[SourceVersion "1"]
[SourceVersionDate "2010.11.26"]
[SourceQuality "1"]

1. e4 d6 2. Bc4 g6 3. Nf3 Bg7 4. Nc3 Nf6 5. d3 0-0 6. Bg5 c6 7. h3 b5 8. Bb3 a5 9. a3 Qb6 10. Qd2 Ba6 11. 0-0 Nbd7 12. d4 b4 13. Ne2 Nxe4 14. Qe3 Nxg5 15. Nxg5 Bxe2 16. Qxe2 d5 17. Qxe7 Ra7 18. Nf3 Ne5 19. Qd6 Nxf3+ 20. gxf3 Rd8 21. Qf4 Bxd4 22. Rab1 Re8 23. Qd2 Bg7 24. c3 bxc3 25. bxc3 Qc5 26. c4 dxc4 27. Rbc1 Qxa3 28. Bxc4 Qxf3 29. Rc3 Qxc3 30. Qf4 Qxh3 0-1

[Event "Kieler Cup U14"]
[Site "Kiel"]
[Date "2007.10.21"]
[Round "7"]
[White "Schneckenburger, Markus"]
[Black "Lentz, Florian"]
[Result "1-0"]
[WhiteElo "1095"]
[BlackElo "896"]
[PlyCount "67"]
[EventDate "2007.10.18"]
[EventType "swiss"]
[EventRounds "7"]
[EventCountry "GER"]
[SourceTitle "EXT 2010"]
[Source "ChessBase"]
[SourceDate "2010.11.25"]
[SourceVersion "1"]
[SourceVersionDate "2010.11.25"]
[SourceQuality "1"]

1. e4 e5 2. Nf3 Nc6 3. Bc4 Bc5 4. c3 Nf6 5. d4 exd4 6. cxd4 Bb4+ 7. Nc3 Bxc3+ 8. bxc3 d6 9. 0-0 0-0 10. Re1 h6 11. Bf4 d5 12. exd5 Nxd5 13. Bxd5 Qxd5 14. Qd3 Bf5 15. Qd2 Rfe8 16. h3 Re6 17. Re3 Rae8 18. Rae1 Na5 19. Ne5 f6 20. c4 Nxc4 21. Nxc4 Qxc4 22. Rxe6 Rxe6 23. Rc1 Qd5 24. Rxc7 g5 25. Be3 Be4 26. f3 Bxf3 27. gxf3 Qxf3 28. Rc8+ Kg7 29. Rc3 Qxh3 30. Bxg5 hxg5 31. Rxh3 Kg6 32. Qd3+ f5 33. d5 Rd6 34. Rf3 1-0

[Event "Kieler Cup U14"]
[Site "Kiel"]
[Date "2007.10.19"]
[Round "3"]
[White "Lentz, Florian"]
[Black "Petersen, Finn Christopher"]
[Result "1-0"]
[WhiteElo "896"]
[BlackElo "742"]
[PlyCount "135"]
[EventDate "2007.10.18"]
[EventType "swiss"]
[EventRounds "7"]
[EventCountry "GER"]
[SourceTitle "EXT 2010"]
[Source "ChessBase"]
[SourceDate "2010.11.25"]
[SourceVersion "1"]
[SourceVersionDate "2010.11.25"]
[SourceQuality "1"]

1. e4 e5 2. Nf3 Nc6 3. Nc3 Nf6 4. Bb5 Bb4 5. d3 Bxc3+ 6. bxc3 d6 7. 0-0 Bg4 8. h3 Bxf3 9. Qxf3 0-0 10. Bb2 d5 11. exd5 Qxd5 12. Bxc6 Qxc6 13. Qe2 Rfe8 14. c4 Nh5 15. Qxh5 g6 16. Qh6 Qd6 17. Rae1 c6 18. f4 f6 19. fxe5 fxe5 20. Rd1 Rf8 21. Rxf8+ Qxf8 22. Qxf8+ Rxf8 23. Bxe5 Rf5 24. d4 c5 25. c3 b6 26. a4 cxd4 27. cxd4 Rf8 28. Bd6 Rd8 29. c5 bxc5 30. dxc5 Re8 31. Rc1 Kf7 32. Kf2 Ke6 33. Kf3 Kd5 34. Kg4 h6 35. h4 Ke6 36. h5 gxh5+ 37. Kxh5 Rh8 38. Bf4 Kd7 39. Bxh6 Kc8 40. Kg6 Rg8+ 41. Kf7 Rxg2 42. Ke6 Rg6+ 43. Kd5 Rxh6 44. Rc4 Rh5+ 45. Kc6 Rh6+ 46. Kb5 a6+ 47. Kb4 Kc7 48. Ka5 Kc6 49. Kxa6 Kd5+ 50. Kb5 Rg6 51. c6 Rg8 52. c7 Rc8 53. Rc6 Ke5 54. Kb6 Kd5 55. Kb7 Ra8 56. Kxa8 Kxc6 57. c8Q+ Kd6 58. Kb7 Kd5 59. Qc3 Ke4 60. Qd2 Kf3 61. Qe1 Kf4 62. a5 Kf5 63. a6 Kf4 64. a7 Kf5 65. a8Q Kf4 66. Qf8+ Kg5 67. Qg3+ Kh5 68. Qh8# 1-0